[Event "Int SVK-ch GM 2020"]
[Site "Drienica"]
[Date "2020.08.07"]
[Round "1.1"]
[White "Mazur, Stefan"]
[Black "Gazik, Viktor"]
[Result "0-1"]
[WhiteElo "2449"]
[BlackElo "2502"]
[Annotator "TA"]
[PlyCount "108"]
[EventDate "2020.08.07"]
[EventType "tourn"]
[EventCountry "SVK"]
[SourceTitle "playchess.com"]
[Source "ChessBase"]
[SourceQuality "1"]

{[%evp 10,108,31,11,11,8,7,-14,-7,-5,-9,-8,-10,-24,0,0,8,0,30,0,0,0,24,0,24,0,0,0,2,-36,-15,-45,-45,-39,-39,-40,-40,-46,-43,-45,-36,-84,-78,-100,-70,-55,-8,-8,-10,-11,-8,-8,-9,-32,-41,-37,0,-65,-51,-39,-43,-55,-47,-78,-89,-168,-162,-190,-183,-196,-178,-210,-210,-210,-213,-213,-213,-213,-213,-239,-164,-379,-389,-421,-312,-236,0,-386,-311,-1379,-1233,-29968,-29968,-29971,-29971,-29973,-29975,-29970,-29972,-29959,-29957]} 1. e4 d5 2. exd5 Qxd5 3. Nc3 Qa5 4. Bc4 Nf6 5. d3 c6 6. Nf3 Bg4 {B01: Scandinavian Defence.} 7. h3 Qh5 8. Bf4 e6 {The position is equal.} 9. Ne4 {[#]} Bxf3 $146 ({Predecessor:} 9... Nxe4 10. dxe4 Bxf3 11. gxf3 Nd7 12. Be2 O-O-O 13. Qd2 Bc5 14. Qc3 e5 15. Be3 Bxe3 16. Qxe3 Nb6 17. a4 Qh6 {½-½ (17) Sonntag,J (1787)-Bommert,C (1613) Dortmund 2006}) 10. Qxf3 Qxf3 11. Nxf6+ Ke7 12. gxf3 {Strongly threatening Ne4.} Kxf6 13. h4 g6 14. Bg5+ Kg7 15. h5 Nd7 16. h6+ Kg8 17. O-O-O Re8 18. Rhe1 Be7 19. f4 Kf8 20. a4 Nb6 21. Bb3 Nd5 22. c4 Nb4 23. d4 f6 24. Bh4 Kf7 25. d5 exd5 26. cxd5 cxd5 27. Re4 Rc8+ 28. Kb1 Rhd8 29. f5 {Threatening fxg6+.} gxf5 30. Rf4 Rg8 31. Rxf5 (31. f3 $5 {[%cal Rh4e1]} a5 32. Rxf5 $11) 31... Rg4 $36 {[%mdl 2048] Black fights for an advantage.} 32. Bg3 Bf8 33. Rfxd5 (33. Be5 $11) 33... Nxd5 $15 34. Bxd5+ Kg6 35. Be6 {[%mdl 64] [#] Double Attack} Rcc4 $1 {[%mdl 512]} 36. Rd8 (36. Bxc4 Rxc4) 36... Bxh6 37. Rg8+ (37. Bxc4 $17 {might work better.} Rxc4 38. b3) 37... Bg7 $19 38. b3 Rce4 39. Bxg4 Rxg4 {[%mdl 4096] Endgame KRB-KRB} 40. Rb8 f5 {Hoping for ...f4.} 41. Bd6 h5 42. Rxb7 h4 $1 {[%cal Rh4h3]} 43. Rxa7 h3 $1 {White must now prevent ...f4.} 44. Ra6 Kg5 {[%mdl 1024] aiming for ...f4. Black has strong compensation.} 45. Ra7 $2 {[#]} (45. f3 Rg2 46. Ra7) 45... Bh6 $1 46. Ra5 Kg6 {And now ...f4 would win.} (46... Rg2 $2 47. f3 $19) 47. Ra6 {[#] Bf8+ is the strong threat.} Kg5 (47... Kh5 $142 $1 {Threatens to win with ...f4.} 48. Ra5 Rg5) 48. Ra5 $1 Rg2 49. Rc5 $2 {[#]} (49. Rd5 Rxf2 50. Rd1) 49... Bf8 $1 {[%mdl 576] Deflection} 50. Bxf8 h2 {Black mates.} 51. Rc1 Rg1 52. Bc5 Rxc1+ 53. Kxc1 h1=Q+ 54. Kb2 Qd5 {Accuracy: White = 56%, Black = 83%.} 0-1

[Event "Int SVK-ch GM 2020"]
[Site "Drienica"]
[Date "2020.08.07"]
[Round "1.2"]
[White "Nayhebaver, Martin"]
[Black "Druska, Juraj"]
[Result "1-0"]
[WhiteElo "2482"]
[BlackElo "2515"]
[Annotator "ChessBase"]
[PlyCount "73"]
[EventDate "2020.08.07"]
[EventType "tourn"]
[EventCountry "SVK"]
[SourceTitle "playchess.com"]
[Source "ChessBase"]
[SourceQuality "1"]
[TimeControl "40/5400+30:1800+30"]

1. e4 {[%emt 0:00:00]} e6 {[%emt 0:00:00]} 2. d4 {[%emt 0:00:02]} d5 {[%emt 0:00:00]} 3. e5 {[%emt 0:00:40]} c5 {[%emt 0:00:51]} 4. c3 {[%emt 0:00:22]} Nc6 {[%emt 0:00:10]} 5. Nf3 {[%emt 0:00:24]} Bd7 {[%emt 0:01:44]} 6. a3 {[%emt 0:00:56]} f6 {[%emt 0:00:27]} 7. Bd3 {[%emt 0:00:34]} Qc7 {[%emt 0:19:07]} 8. O-O {[%emt 0:01:23]} c4 {[%emt 0:10:15]} 9. Bc2 {[%emt 0:03:21]} f5 {[%emt 0:00:37]} 10. Nbd2 {[%emt 0:06:22]} Nge7 {[%emt 0:16:33]} 11. b3 {[%emt 0:05:20]} Na5 {[%emt 0:11:42]} 12. a4 {[%emt 0:13:03]} b6 {[%emt 0:14:25]} 13. Re1 {[%emt 0:05:29]} Rc8 {[%emt 0:04:57]} 14. b4 {[%emt 0:03:36]} Nac6 {[%emt 0:00:48]} 15. h4 {[%emt 0:02:32]} a5 {[%emt 0:05:56]} 16. b5 {[%emt 0:07:07]} Nd8 {[%emt 0:00:22]} 17. Nf1 {[%emt 0:04:50]} Nf7 {[%emt 0:00:11]} 18. Ng3 {[%emt 0:02:56]} g6 {[%emt 0:00:23]} 19. Ne2 {[%emt 0:01:35]} Bh6 {[%emt 0:09:00]} 20. Ng5 {[%emt 0:04:30]} Nxg5 {[%emt 0:01:19]} 21. hxg5 {[%emt 0:00:14]} Bg7 {[%emt 0:00:31]} 22. Nf4 {[%emt 0:09:43]} Kf7 {[%emt 0:00:09]} 23. Ba3 {[%emt 0:03:54]} Rcf8 {[%emt 0:01:13]} 24. g4 {[%emt 0:01:03]} fxg4 {[%emt 0:00:17]} 25. Qxg4 {[%emt 0:00:45]} Qc8 {[%emt 0:00:12]} 26. Re3 {[%emt 0:02:57]} Ke8 {[%emt 0:00:45]} 27. Rh3 {[%emt 0:00:48]} Rf7 {[%emt 0:00:00]} 28. Bxe7 {[%emt 0:03:02]} Kxe7 {[%emt 0:00:41]} 29. Re1 {[%emt 0:00:06]} Qa8 {[%emt 0:01:23]} 30. Nxd5+ {[%emt 0:00:26]} Kf8 {[%emt 0:00:30]} 31. Nxb6 {[%emt 0:00:57]} Qd8 {[%emt 0:00:21]} 32. Nxc4 {[%emt 0:00:29]} Rf5 {[%emt 0:00:40]} 33. f4 {[%emt 0:02:10]} Kg8 {[%emt 0:00:28]} 34. Nd6 {[%emt 0:00:13]} Bf8 {[%emt 0:00:06]} 35. Nxf5 {[%emt 0:01:08]} gxf5 {[%emt 0:00:11]} 36. Qg2 {[%emt 0:00:14]} Qe7 {[%emt 0:00:27]} 37. Bb3 {[%emt 0:01:21]} 1-0

[Event "Int SVK-ch GM 2020"]
[Site "Drienica"]
[Date "2020.08.07"]
[Round "1.3"]
[White "Mrva, Martin"]
[Black "Kostolansky, Sebastian Lukas"]
[Result "1-0"]
[WhiteElo "2386"]
[BlackElo "2402"]
[Annotator "TA"]
[PlyCount "97"]
[EventDate "2020.08.07"]
[EventType "tourn"]
[EventCountry "SVK"]
[SourceTitle "playchess.com"]
[Source "ChessBase"]
[SourceQuality "1"]

{[%evp 12,97,39,12,34,21,26,13,20,0,29,21,16,31,14,9,18,0,1,-20,8,-14,29,34,35,25,17,0,69,17,61,46,84,0,-2,-37,27,-47,-25,-39,-26,-35,-35,-68,-75,-72,-74,-78,-11,-33,-28,-50,19,12,16,4,95,25,36,29,60,73,77,76,128,107,108,114,345,341,414,418,568,568,562,559,557,535,508,516,526,479,471,408,6107,5202,5118,5013]} 1. e4 d6 2. d4 Nf6 3. Nc3 g6 4. f3 Bg7 5. Be3 c6 6. Qd2 b5 7. a3 O-O {B07: Pirc Defence: Miscellaneous Systems.} 8. h4 h5 9. Nh3 Nbd7 {[#] The position is equal.} 10. Bh6 $146 ({Predecessor:} 10. Ng5 Nb6 11. b3 Qc7 12. Bd3 a6 13. O-O e5 14. dxe5 dxe5 15. Qf2 Rb8 16. Rad1 {0-1 (30) Kolev,N (2073)-Mitrev,E (2198) Vidin 2009}) 10... Qa5 11. Bxg7 Kxg7 12. Nf2 Rb8 13. b4 Qb6 14. f4 e5 15. Rd1 Bb7 16. Rh3 exf4 17. Qxf4 Qc7 18. Be2 Nb6 19. g4 hxg4 (19... Bc8 $11) 20. Bxg4 ({White should play} 20. h5 $14 Qe7 21. Bxg4 (21. Nxg4 Nxg4 22. Qxg4 Bc8 $11)) 20... Qe7 21. h5 Nfd5 22. Qh2 (22. Nxd5 $16 {Intending hxg6 and mate.} Nxd5 23. Qg3) 22... g5 $1 $11 {With the idea ...Nxc3.} 23. Ne2 Nf6 (23... f5 $1 $15 24. Bxf5 Nc4) 24. Ng3 (24. Bf5 $11) 24... Nxg4 $15 25. Nf5+ $1 Kh8 $1 26. Qg2 Qe6 27. Qxg4 f6 $1 28. Re3 Nc4 29. Re2 a5 ({Better is} 29... Rbe8 $17) 30. d5 cxd5 31. exd5 Qd7 (31... Qf7 $1 $15 32. Ne7 Rfe8) 32. Ne7 $1 $36 {[%mdl 2048] White has good play.} Qxg4 33. Nxg4 {[#] Strongly threatening Ng6+.} Kg7 (33... Bc8 $1 $11 34. Ne3 Ne5) 34. Nf5+ (34. Re6 $16) 34... Kh8 $1 35. Kf2 Ne5 36. Nge3 Rfd8 37. Nd4 ({Don't play} 37. bxa5 Ra8 $11) 37... Kh7 (37... Rf8 $142) 38. Kg3 $16 {Rf1 is the strong threat.} ({Stronger than} 38. Nxb5 Ba6 $15) 38... axb4 39. axb4 Rdc8 $2 {This costs Black the game.} (39... Ra8 $16) 40. Rf1 $18 Rf8 41. Ne6 Rf7 42. Ref2 Kg8 43. Rxf6 Rxf6 44. Rxf6 Rc8 45. Rf5 g4 46. Rg5+ Kh8 47. Rg7 Nc4 (47... Rc3 $142) 48. Nxg4 {[#] Threatening mate with Nf6.} Bxd5 49. Nf6 {Accuracy: White = 80%, Black = 50%.} 1-0

[Event "Int SVK-ch GM 2020"]
[Site "Drienica"]
[Date "2020.08.07"]
[Round "1.4"]
[White "Jablonicky, Martin"]
[Black "Jurcik, Marian"]
[Result "1-0"]
[WhiteElo "2314"]
[BlackElo "2441"]
[Annotator "RC"]
[PlyCount "85"]
[EventDate "2020.08.07"]
[EventType "tourn"]
[EventCountry "SVK"]
[SourceTitle "playchess.com"]
[Source "ChessBase"]
[SourceQuality "1"]
[TimeControl "40/5400+30:1800+30"]

1. e4 {[%emt 0:06:58]} e5 {[%emt 0:00:00]} 2. Nf3 {[%emt 0:00:10]} Nc6 {[%emt 0:00:00]} 3. Bb5 {[%emt 0:00:37]} a6 {[%emt 0:00:10]} 4. Ba4 {[%emt 0:00:06]} Nf6 {[%emt 0:00:17]} 5. O-O {[%emt 0:01:06]} b5 {[%emt 0:00:25]} 6. Bb3 {[%emt 0:00:07]} Bc5 {[%emt 0:00:14]} 7. d3 {[%emt 0:03:53]} O-O {[%emt 0:04:08]} 8. Nc3 {[%emt 0:01:42]} d6 {[%emt 0:05:41]} 9. Bg5 {[%emt 0:04:21]} h6 {[%emt 0:19:26]} 10. Bh4 {[%emt 0:00:05]} Nd4 {[%emt 0:02:06]} 11. Nd5 {[%emt 0:11:44]} Nxb3 {[%emt 0:06:47]} 12. Nxf6+ {[%emt 0:01:54]} gxf6 {[%emt 0:00:14]} 13. axb3 {[%emt 0:00:04]} Qe7 {[%emt 0:04:03]} 14. Nd2 {[%emt 0:05:16]} Qe6 {[%emt 0:04:51]} 15. Kh1 {[%emt 0:04:15]} Qg4 {[%emt 0:18:32]} 16. Qxg4+ {[%emt 0:00:59]} Bxg4 {[%emt 0:00:03]} 17. h3 {[%emt 0:00:29]} Be6 {[%emt 0:01:54]} 18. Bxf6 {[%emt 0:00:12]} a5 {[%emt 0:01:26]} 19. c3 {[%emt 0:05:06]} b4 {[%emt 0:17:15]} 20. d4 {[%emt 0:03:17]} bxc3 {[%emt 0:02:53]} 21. bxc3 {[%emt 0:00:06]} Bb6 {[%emt 0:03:51]} 22. d5 {[%emt 0:04:30]} Bd7 {[%emt 0:00:14]} 23. Nc4 {[%emt 0:00:26]} Rfb8 {[%emt 0:04:03]} 24. f4 {[%emt 0:01:02]} exf4 {[%emt 0:01:09]} 25. Rxf4 {[%emt 0:00:08]} Bc5 {[%emt 0:01:27]} 26. Rf3 {[%emt 0:08:03]} Kh7 {[%emt 0:01:14]} 27. Rxa5 {[%emt 0:00:54]} Rxa5 {[%emt 0:00:27]} 28. Nxa5 {[%emt 0:00:02]} Ra8 {[%emt 0:00:39]} 29. b4 {[%emt 0:01:42]} Bb6 {[%emt 0:00:19]} 30. e5 {[%emt 0:12:08]} h5 {[%emt 0:00:41]} 31. Nc4 {[%emt 0:05:50]} Ra1+ {[%emt 0:00:27]} 32. Kh2 {[%emt 0:00:06]} Bg1+ {[%emt 0:00:20]} 33. Kg3 {[%emt 0:00:17]} Rd1 {[%emt 0:00:41]} 34. Bd8 {[%emt 0:03:48]} Bb5 {[%emt 0:00:30]} 35. exd6 {[%emt 0:10:21]} cxd6 {[%emt 0:00:30]} 36. Nxd6 {[%emt 0:00:47]} Be2 {[%emt 0:00:26]} 37. Rxf7+ {[%emt 0:00:56]} Kg8 {[%emt 0:00:02]} 38. Re7 {[%emt 0:01:45]} Rd3+ {[%emt 0:00:27]} 39. Kh4 {[%emt 0:01:14]} Bf2+ {[%emt 0:00:23]} 40. Kg5 {[%emt 0:02:49]} Rxd5+ {[%emt 0:00:25]} 41. Kf4 {[%emt 0:30:40]} Bd3 {[%emt 0:10:59]} 42. Re8+ {[%emt 0:00:00]} Kh7 {[%emt 0:01:14]} 43. Ne4 {[%emt 0:00:00]} 1-0

[Event "Int SVK-ch GM 2020"]
[Site "Drienica"]
[Date "2020.08.07"]
[Round "1.5"]
[White "Petenyi, Tamas"]
[Black "Pechac, Jergus"]
[Result "1/2-1/2"]
[WhiteElo "2436"]
[BlackElo "2498"]
[Annotator "TA"]
[PlyCount "119"]
[EventDate "2020.08.07"]
[EventType "tourn"]
[EventCountry "SVK"]
[SourceTitle "playchess.com"]
[Source "ChessBase"]
[SourceQuality "1"]

{[%evp 9,119,0,31,0,8,-1,9,-2,47,-22,-12,-19,-13,-19,0,-42,-35,-37,-49,-37,-13,-25,-5,-14,-28,-56,-77,-78,-29,-58,-45,-48,-52,-72,-64,-72,0,-18,0,0,0,0,66,58,56,58,165,146,180,-183,0,-24,23,0,0,0,0,0,0,-11,-17,-28,-29,-28,-12,-16,0,0,0,0,0,0,0,0,0,0,0,0,0,0,0,-50,0,0,0,-8,0,0,0,-14,-8,-15,0,0,0,0,0,0,0,0,0,0,0,0,0,0,0,0,0,0,0,0]} 1. e4 e5 2. Nf3 Nc6 3. Bb5 Nf6 4. Qe2 Bd6 5. d3 {[#]} h6 $146 ({Predecessor:} 5... O-O 6. Bg5 Re8 7. O-O h6 8. Bh4 a6 9. Bc4 Na5 10. Nc3 b5 11. Bb3 Nxb3 12. axb3 {½-½ (19) Adams,M (2723)-Malakhov,V (2712) Konya 2012}) 6. c3 {C65: Ruy Lopez: Berlin Defence (3...Nf6), unusual lines and 4 0-0 Bc5.} a6 7. Ba4 b5 8. Bb3 Bb7 9. g4 (9. Nh4 $14) 9... Na5 10. Bc2 c5 11. Rg1 Qc7 12. g5 hxg5 13. Bxg5 Nh5 14. Nbd2 {[%cal Bb1d2,Bd2f1,Bf1g3][%mdl 32]} g6 15. Nf1 Be7 16. Bxe7 $1 Kxe7 17. Ng3 Nf4 18. Qe3 Rae8 19. Ne2 Kf8 20. O-O-O d5 {Strongly threatening ...dxe4.} 21. Nxf4 exf4 22. Qe2 Kg7 (22... Rh3 $17) 23. h4 $1 $11 b4 24. cxb4 cxb4 25. Kb1 Qb6 ({Black should try} 25... dxe4 $11 26. dxe4 Qc4 27. Qxc4 Nxc4) 26. Qd2 $14 dxe4 27. dxe4 Bxe4 (27... Rd8 $1 $14 28. Qxf4 Qf6 29. Qxf6+ Kxf6) 28. Bxe4 $18 Rxe4 29. Ng5 $4 {[%mdl 8192] [#]} (29. Qd5 $18 {was the only winning move.} Re2 30. Nd4) 29... Re5 $2 (29... Nc4 $1 $19 {[%cal Rc4d2]} 30. Qc1 Rc8) 30. Nf3 Re6 31. Qxf4 {Hoping for Rd7!} Rf6 32. Qe5 {Threatening mate with Rxg6+!} Qe6 33. Qxe6 Rxe6 34. Rg4 Rf6 35. Ne5 Rh5 36. f4 b3 37. axb3 Nxb3 38. Rd5 a5 39. Kc2 a4 40. Kc3 Rhf5 41. Rg5 Rxf4 42. h5 Rf1 43. hxg6 Rc1+ 44. Kd3 fxg6 45. Ng4 Rd1+ 46. Ke2 {The position is equal.} Rxd5 47. Rxd5 $11 {[%mdl 4096] Endgame KRN-KRN} Rf4 48. Rd7+ Kf8 49. Ne3 Rh4 50. Ra7 g5 51. Kf2 Nc5 52. Nd5 Nd3+ 53. Kg3 Nxb2 54. Nf6 Rb4 55. Nh7+ Ke8 56. Nxg5 Nc4 57. Kf3 a3 58. Ke2 Rb5 59. Ne4 Kd8 60. Kd3 {Accuracy: White = 81%, Black = 80%.} 1/2-1/2

[Event "Int SVK-ch GM 2020"]
[Site "Drienica"]
[Date "2020.08.08"]
[Round "2.1"]
[White "Gazik, Viktor"]
[Black "Pechac, Jergus"]
[Result "1-0"]
[WhiteElo "2502"]
[BlackElo "2498"]
[Annotator "TA"]
[PlyCount "117"]
[EventDate "2020.08.07"]
[EventType "tourn"]
[EventCountry "SVK"]
[SourceTitle "playchess.com"]
[Source "ChessBase"]
[SourceQuality "1"]

{[%evp 9,117,15,17,0,0,0,2,0,0,0,0,0,6,0,0,0,0,0,0,0,47,49,41,41,49,47,54,50,41,23,21,30,31,32,38,19,50,45,45,45,49,36,36,23,31,27,45,45,45,45,45,45,45,45,45,45,56,41,45,45,45,45,45,45,45,45,45,41,39,26,45,37,49,36,54,50,50,45,121,132,127,127,135,135,134,95,89,117,272,280,253,133,243,152,200,152,188,187,232,227,273,0,207,207,225,200,295,285,273,272]} 1. e4 e5 2. Nf3 Nc6 3. Bb5 Nf6 4. O-O Nxe4 5. Re1 Nd6 6. a4 {C67: Ruy Lopez: Berlin Defence: 4 0-0 Nxe4.} Be7 7. Nc3 O-O 8. d4 {The position is equal.} exd4 9. Nd5 Re8 10. Bf4 b6 {[#]} 11. Qd3 $146 {Strongly threatening Bxd6.} ({Predecessor:} 11. Nxd4 Nxd4 12. Qxd4 Bf8 13. Rxe8 Nxe8 14. Qe4 Bb7 15. Ne7+ Bxe7 16. Qxb7 g5 17. Be3 {½-½ (36) Rodriguez Perez,R (2171)-Diaz Rubi,F (2234) ICCF email 2019}) 11... Bb7 12. Bxd6 $1 cxd6 (12... Bxd6 $2 13. Rxe8+ Qxe8 14. Ng5 $18) 13. Qf5 Ne5 14. Nxe5 Bxd5 15. Bd3 $1 g6 16. Nxg6 $1 {[%mdl 64] Discovered Attack} hxg6 17. Qxd5 {aiming for Bxg6.} Kg7 $1 18. Bc4 Rf8 19. Rad1 Bf6 20. Qxd6 Rc8 {[%cal Ba8c8,Bc8c6,Bc6e6][%mdl 32]} 21. b3 Rc6 22. Qf4 Qc7 23. Qg4 Qc8 24. Bd3 Re8 25. h4 Rce6 26. Rf1 Qc5 27. g3 Rh8 28. Bc4 Re7 29. Rfe1 Rhe8 30. Rxe7 Rxe7 31. Qf3 Qc6 32. Qg2 Re8 33. Kf1 Re7 34. Qd5 Qe6 35. Qf3 Qc6 36. Kg2 Re8 37. Rh1 Re5 38. Bd3 Be7 39. Rd1 Bf6 40. Rc1 Qc3 41. Bb5 Rf5 42. Qd3 Qc8 43. f4 a6 (43... Bxh4 $14 44. gxh4 Rxf4) 44. Bxa6 $16 Qa8+ 45. Kh2 Bxh4 46. gxh4 Rxf4 {( -> ...Rf2+)} 47. Rf1 ({Much weaker is} 47. Qg3 $6 Qe4 $11) 47... Rxh4+ 48. Kg3 Qd8 $2 {[#]} (48... Re4 $16 {was called for.} 49. Rf3 Qb8+ 50. Kg2 Rg4+ 51. Kf1 Qe5) 49. Kf2 $1 $18 Qe7 {[#] White must now prevent ...Rf4+.} 50. Bb7 (50. Qg3 $1 $18) 50... Qg5 (50... Qe5 $16) 51. Bg2 Kg8 ({Don't go for} 51... Rh2 $2 52. Qxd4+ Kh7 53. Qe4) 52. Kg1 Qe5 {intending ...Qh2+.} 53. Rf3 ({But not} 53. Qf3 $2 Qh2+ 54. Kf2 Rf4 $19) 53... d5 54. Kf1 Qg5 55. Kg1 Qe5 $1 56. Rf2 Kg7 57. Kf1 f5 (57... Rg4 $142 58. b4 Qd6) 58. Qe2 Qd6 {[#]} 59. Bxd5 $1 {[%mdl 512] Accuracy: White = 87%, Black = 75%.} 1-0

[Event "Int SVK-ch GM 2020"]
[Site "Drienica"]
[Date "2020.08.08"]
[Round "2.2"]
[White "Jurcik, Marian"]
[Black "Petenyi, Tamas"]
[Result "0-1"]
[WhiteElo "2441"]
[BlackElo "2436"]
[Annotator "TA"]
[PlyCount "121"]
[EventDate "2020.08.07"]
[EventType "tourn"]
[EventCountry "SVK"]
[SourceTitle "playchess.com"]
[Source "ChessBase"]
[SourceQuality "1"]

{[%evp 20,121,70,36,105,20,36,0,76,82,66,82,78,88,79,0,10,4,22,16,19,0,0,-3,0,0,0,-23,0,-56,-63,-55,-57,-77,-85,-89,-62,-61,0,-90,0,-59,-51,-53,-59,-60,-54,-60,-60,-60,-51,-53,-44,-47,-47,-71,-71,-71,-71,-78,-74,-104,-86,-87,-83,-112,-111,-115,-115,-121,-114,-131,-112,-118,-111,-111,-102,-120,-82,-114,-69,-70,-77,-83,0,0,0,-1116,-1161,-1185,-1161,-12837,-12838,-12837,-12837,-12837,-12838,-12843,-12843,-12843,-12844,-12845,-12845,-12848]} 1. e4 g6 2. d4 Bg7 3. c4 c5 4. Ne2 cxd4 5. Nxd4 b6 6. Nc3 Bb7 7. Be3 Nf6 8. f3 O-O 9. Be2 Nc6 10. O-O e6 11. Qd2 {[#]} Ne5 $146 {B38: Sicilian: Maroczy Bind with 5...Bg7 and 7...0-0.} (11... d5 $14) ({Predecessor:} 11... d5 12. cxd5 exd5 13. Nxc6 Bxc6 14. e5 Ne8 15. f4 f6 16. exf6 Bxf6 17. Rad1 Nc7 18. f5 Qe7 19. fxg6 hxg6 {0-1 (51) Blohberger,F (2434)-Guseinov,G (2666) Moscow 2019}) 12. Bf4 (12. Bg5 $16) 12... Nh5 $11 13. Be3 d5 (13... Nf6 $1 $11 {keeps the balance.}) 14. cxd5 exd5 15. exd5 Nf6 16. Bg5 Bxd5 17. Nf5 (17. Rad1 $16) 17... gxf5 18. Bxf6 $1 Qxf6 19. Nxd5 Qd6 20. Rad1 Nc6 21. Nc3 Nd4 22. Kh1 Rad8 23. Qg5 Qg6 (23... Qb4 {looks sharper.} 24. Nb5 Ne6 25. Qxf5 a6 26. Na3 Nd4) 24. Qxg6 (24. Qc1 $11) 24... hxg6 $15 25. Bc4 Rc8 26. b3 Rc5 $1 27. Na4 Rc7 28. Nc3 Rc5 (28... Nxb3 $5 29. axb3 Bxc3 $17) 29. Na4 $1 {[%cal Ra4c5]} Rc7 30. Nc3 {[#]} Nxb3 $1 {[%mdl 512]} 31. axb3 Bxc3 32. Rd3 Bf6 33. Rfd1 Re8 34. g3 Kg7 35. Rd7 Re7 36. Rxc7 Rxc7 {[%mdl 4096] Endgame KRB-KRB} 37. Kg2 Be7 38. Rd2 a5 {aiming for ...a4!} 39. Ra2 Rc5 {Threatens to win with ...a4!} 40. Re2 Kf6 41. Ra2 {[#]} f4 $1 {[%mdl 512]} 42. gxf4 Rf5 43. Re2 Rxf4 44. Re4 {[#]} Rf5 $1 45. h4 Bd6 46. Rd4 {[#]} Ke7 $1 47. Bd3 Rc5 48. Re4+ Kd7 49. Bc4 f5 50. Re2 Be7 51. Kh3 Rxc4 ({Black should try} 51... Ke8 $17 {Strongly threatening ...a4!} 52. Re6 b5) 52. bxc4 $17 {Hoping for Rg2. KR-KB} a4 53. Rd2+ $2 {[%mdl 8192]} (53. Kg3 $11) 53... Kc6 $19 {Black is clearly winning.} 54. Rg2 a3 55. Rxg6+ Kc5 56. Rg2 Bf6 57. h5 Bb2 58. h6 a2 59. Rxb2 a1=Q 60. Rh2 Qf1+ {[%mdl 64] Double Attack} 61. Kh4 {Accuracy: White = 74%, Black = 83%.} 0-1

[Event "Int SVK-ch GM 2020"]
[Site "Drienica"]
[Date "2020.08.08"]
[Round "2.3"]
[White "Kostolansky, Sebastian Lukas"]
[Black "Jablonicky, Martin"]
[Result "1/2-1/2"]
[WhiteElo "2402"]
[BlackElo "2314"]
[Annotator "TA"]
[PlyCount "121"]
[EventDate "2020.08.07"]
[EventType "tourn"]
[EventCountry "SVK"]
[SourceTitle "playchess.com"]
[Source "ChessBase"]
[SourceQuality "1"]

{[%evp 13,121,8,28,2,10,6,9,4,8,0,7,0,31,12,0,-40,-36,-31,-39,-31,-39,-29,-22,-33,-24,-25,-23,-23,-21,-20,-18,-31,-10,-6,-7,-18,0,-17,-6,-11,-2,-27,-29,-27,-23,-25,-13,-13,-7,-10,0,0,0,0,0,0,0,0,0,0,0,0,0,0,0,0,0,0,0,0,0,0,0,0,0,0,0,0,0,0,0,0,0,0,0,0,0,0,0,0,0,0,0,0,0,0,0,0,0,0,0,0,0,0,8,8,8,8,8,8]} 1. e4 e5 2. Nf3 Nc6 3. Bb5 Nf6 4. d3 Bc5 5. c3 d6 6. O-O O-O 7. Nbd2 Bb6 8. h3 {C65: Ruy Lopez: Berlin Defence (3...Nf6), unusual lines and 4 0-0 Bc5.} Ne7 9. Re1 Ng6 10. d4 c6 11. Bd3 Nh5 {[#]} 12. Nc4 $146 {[%cal Rd4e5]} ({Predecessor:} 12. Bf1 exd4 13. cxd4 d5 14. exd5 cxd5 15. Nb3 Nhf4 16. a4 f6 17. Nc5 Bc7 18. Qb3 {1-0 (42) Fedorchuk,S (2630)-Le Roux,J (2559) Paris 2012}) 12... Nhf4 13. dxe5 dxe5 14. Bf1 Qf6 15. Bxf4 Nxf4 16. Qd6 Nxh3+ 17. gxh3 {aiming for Qxf6.} Qxf3 {[%mdl 64] [#] Double Attack} 18. Nxb6 axb6 19. Qxe5 Ra5 ({Wrong is} 19... Bxh3 $2 20. Re3 $18) 20. Qg3 Qxg3+ 21. fxg3 Be6 22. a3 $1 g5 23. Rad1 Kg7 24. Rd4 Kf6 25. Rb4 b5 26. e5+ Ke7 27. c4 Rd8 28. cxb5 c5 29. Rbe4 Rd2 30. R1e2 {The position is equal.} Rd1 31. Re1 Rxe1 32. Rxe1 $11 {[%mdl 4096] Endgame KRB-KRB} c4 33. Re4 Rxb5 34. b4 Rd5 35. Bxc4 Rd1+ 36. Kf2 Ra1 37. Bxe6 Kxe6 {KR-KR} 38. Re3 h5 39. g4 hxg4 40. hxg4 b5 41. Rf3 Ra2+ 42. Kf1 Ra1+ 43. Kf2 Ra2+ 44. Kf1 Ra1+ 45. Ke2 Kxe5 46. Rxf7 Ra2+ 47. Kd1 Rxa3 48. Rf5+ Kd4 49. Rxb5 Kc4 50. Rxg5 {[#] b5 is the strong threat.} (50. Rb8 {looks sharper.} Rg3 51. Ke2 Rxg4 52. Kf3 Rf4+ 53. Kg3) 50... Kxb4 51. Ke2 Kc4 52. Kf2 Kd4 53. Rf5 Ke4 54. Kg2 Rb3 55. Rf7 Ra3 56. Rf6 Rb3 57. g5 Rb5 58. g6 {Strongly threatening Kh3.} Rg5+ 59. Kh3 {And now Kh4 would win.} Ke5 60. Ra6 {Intending Ra5+ and mate.} Kf5 61. Ra5+ {Accuracy: White = 93%, Black = 98%.} 1/2-1/2

[Event "Int SVK-ch GM 2020"]
[Site "Drienica"]
[Date "2020.08.08"]
[Round "2.4"]
[White "Druska, Juraj"]
[Black "Mrva, Martin"]
[Result "1-0"]
[WhiteElo "2515"]
[BlackElo "2386"]
[Annotator "TA"]
[PlyCount "69"]
[EventDate "2020.08.07"]
[EventType "tourn"]
[EventCountry "SVK"]
[SourceTitle "playchess.com"]
[Source "ChessBase"]
[SourceQuality "1"]

{[%evp 9,69,36,45,50,35,29,63,57,57,29,35,35,31,33,36,30,56,48,88,87,60,83,91,81,90,43,41,41,47,58,120,118,138,136,121,125,114,116,128,130,136,125,182,154,173,181,169,165,200,87,87,87,100,88,145,78,117,118,133,127,1083,1010]} 1. e4 d6 2. d4 a6 3. Nf3 Nd7 4. Bc4 c5 5. c3 e6 6. O-O {B07: Pirc Defence: Miscellaneous Systems.} b5 7. Bd3 Bb7 8. a4 {White is slightly better.} Ngf6 9. Re1 c4 10. Bc2 {[#]} Be7 $146 ({Predecessor:} 10... e5 11. d5 Be7 12. Na3 Qb6 13. Be3 Nc5 14. Nh4 Nxd5 15. Bxc5 Qxc5 16. Nf5 Nf4 17. axb5 axb5 18. Nxb5 Rxa1 19. Qxa1 {1-0 (59) Sindarov,J (2198)-Galindo,J (2064) Abu Dhabi 2015}) 11. Bg5 h6 12. Bh4 g5 13. Bg3 Nh5 14. d5 $1 Nxg3 15. dxe6 fxe6 16. hxg3 e5 17. Nh2 h5 18. Nd2 h4 19. Ndf1 Qb6 (19... Nf6 $14) 20. axb5 $1 $16 axb5 21. Rxa8+ Bxa8 22. Ng4 Nc5 23. Nge3 $1 Bxe4 ({Don't play} 23... Nxe4 24. Qg4 $14) 24. Bxe4 Nxe4 25. Qd5 Nf6 (25... Nc5 $16) 26. Qe6 $18 Qa7 27. Nd5 $1 Nxd5 28. Qxd5 Qc5 {[#]} 29. Qa8+ (29. Qe6 $1 $18 {is the precise move to win.} Qa7 30. gxh4) 29... Bd8 $16 30. gxh4 {Threatens to win with Ng3.} gxh4 31. Ne3 {Black must now prevent Qe4.} h3 {[#]} (31... O-O $142) 32. gxh3 ({White should try} 32. Rd1 $1) 32... Qc7 ({Avoid the trap} 32... Rxh3 $2 33. Qg2 $18) 33. Qd5 {Nf5 is the strong threat.} Qg7+ 34. Kf1 {And now Nf5 would win.} Rxh3 $2 {[%mdl 8192]} (34... Qd7 $16) 35. Qe6+ {[%mdl 64] Double Attack. Accuracy: White = 82%, Black = 60%.} 1-0